Statistics for US Cities by Metro Farecard

Click here to take the quiz!

General Stats

  • This quiz has been taken 8 times
  • The average score is 9 of 24

Answer Stats

HintAnswer% Correct
OMNYNew York City
88%
VentraChicago
63%
Clipper CardSan Francisco
63%
SEPTA KeyPhilidelphia
50%
ORCA CardSeattle
50%
SmarTripWashington, D.C.
50%
Breeze CardAtlanta
38%
AMP CardAustin
38%
CharliecardBoston
38%
GoPassDallas
38%
METRO QHouston
38%
TAP CardLos Angeles
38%
Go-To CardMinneapolis
38%
Jazzy PassNew Orleans
38%
HopPortland
38%
PRONTOSan Diego
38%
CharmPassBaltimore
25%
HOLO CardHonolulu
25%
EASY CardMiami
25%
SuncardOrlando
25%
Metro PassSaint Louis
25%
FAREPAYSalt Lake City
25%
MetGoBuffalo
13%
MyRideDenver
13%

Score Distribution

Percentile by Number Answered

Percent of People with Each Score

Your Score History

You have not taken this quiz